00478nam a2200157Ia 450000500170000000800410001702000180005804100120007608200130008810000200010124500720012126000370019330000190023044000630024965000080031220260429111958.0260429s9999||||xx |||||||||||||| ||und|| a9783161641282 aEnglish a340bBAS aBasedow, Jurgen 0aUniform law : blegal responses to globalisation / cJurgen Basedow aGermany : bMohr Siebeck,c2024. axi, 525 p.; hb aContribution to foreign and international private law; 142 aLaw